Christmas Hits - Statistics

General Stats
  • This quiz has been taken 45 times
  • The average score is 6 of 15
Answer Stats
Hint Answer % Correct
All I Want For Christmas Is You Mariah Carey
93%
Last Christmas Wham
86%
Mistletoe And Wine Cliff Richard
52%
Merry Xmas Everybody Slade
52%
Mary's Boy Child - Oh My Lord Boney M
48%
Step Into Christmas Elton John
48%
I Wish it Could Be Christmas Everyday Wizzard
45%
Wonderful Christmastime Paul McCartney
41%
When A Child Is Born Johnny Mathis
34%
Merry Christmas Everyone Shakin Stevens
34%
Thank God it's Christmas Queen
17%
It's Gonna Be A Cold Cold Christmas Dana
14%
Winter Melody Donna Summer
14%
Hey Mr Christmas Showaddywaddy
14%
December Will Be Magic Again Kate Bush
7%
No matching quizzes found
Score Distribution
Percent of People with Each Score
Percentile by Number Answered
Your Score History
You have not taken this quiz